| 000 | 00480nam a2200133Ia 4500 | ||
|---|---|---|---|
| 008 | 260210s9999 xx 000 0 und d | ||
| 024 | _a08B-27-EE, 08B-26-EE, 08B-39-EE & 08B-49-EE | ||
| 082 | _a621.38456072 AME | ||
| 100 | _aAmeer Ali Naseeb, Muhammad Asjad Ghaffar, Furfqan Hashmi & Shah Mohsin Hassan | ||
| 245 | 0 | _aWireless LED Message Display Board | |
| 260 |
_aKarachi: _bUITU, _c2008 |
||
| 600 | _aElectronic Engineering | ||
| 650 | _aBachelor of Engineering (BE) | ||
| 999 |
_c33010 _d33010 |
||